书目信息 |
| 题名: |
化工设计
|
|
| 作者: | 黄璐 , 王保国, 编 | |
| 分册: | ||
| 出版信息: | 北京 化学工业出版社 2001 |
|
| 页数: | [10], 416页, [1] 叶图版 | |
| 开本: | 26cm | |
| 丛书名: | ||
| 单 册: | ||
| 中图分类: | TQ08-43 | |
| 科图分类: | ||
| 主题词: | 化工过程--hua gong guo cheng--设计--高等学校--教材 | |
| 电子资源: | ||
| ISBN: | 978-7-5025-3131-7 | |
| 000 | 01008nam0 2200277 45 | |
| 001 | 012001003721 | |
| 005 | 20131105132911.0 | |
| 010 | @a978-7-5025-3131-7@dCNY56.00 | |
| 099 | @aCAL 012001381426 | |
| 100 | @a20010314d2001 ekmy0chiy0120 ea | |
| 101 | 0 | @achi |
| 102 | @aCN@b110000 | |
| 105 | @aafk a 000yy | |
| 106 | @ar | |
| 200 | 1 | @a化工设计@AHua Gong She Ji@f黄璐, 王保国编 |
| 210 | @a北京@c化学工业出版社@d2001 | |
| 215 | @a[10], 416页, [1] 叶图版@c图, 折图@d26cm | |
| 320 | @a有书目。 | |
| 330 | @a本书包括:化工设计的重要性及其工作程序、化工设计的重要性、基本建设程序、项目建议书、可行性研究、国外可行性研究的阶段和相应内容等。 | |
| 333 | @a高等学校教材 | |
| 606 | 0 | @a化工过程@Ahua gong guo cheng@x设计@x高等学校@j教材 |
| 690 | @aTQ08-43@v4 | |
| 701 | 0 | @a黄璐@AHuang Lu@c(化工)@4编@3CAL n2004323060#@7jt0yjt0y@7ec0yec0y |
| 701 | 0 | @a王保国,@AWang Baoguo@f1947-@4编@3CAL n2004166624#@7jt0yjt0y@7ec0yec0y |
| 801 | 2 | @aCN@b上海新华@c20191020 |
| 905 | @b1206404-7@dTQ08-43@e558@f4 | |
| 化工设计/黄璐, 王保国编.-北京:化学工业出版社,2001 |
| [10], 416页, [1] 叶图版:图, 折图;26cm |
| 使用对象:高等学校教材 |
| ISBN 978-7-5025-3131-7:CNY56.00 |
| 本书包括:化工设计的重要性及其工作程序、化工设计的重要性、基本建设程序、项目建议书、可行性研究、国外可行性研究的阶段和相应内容等。 |
| ● |
| 相关链接 |
|
|
|
|
正题名:化工设计
索取号:TQ08-43/558
 
预约/预借
| 序号 | 登录号 | 条形码 | 馆藏地/架位号 | 状态 | 备注 |
| 1 | 1206404 | 212064040 | 第二样本阅览室/ [索取号:TQ08-43/558] | 在馆 | |
| 2 | 1206405 | 212064059 | 第三借阅区/ [索取号:TQ08-43/558] | 在馆 | |
| 3 | 1206406 | 212064068 | 第三借阅区/ [索取号:TQ08-43/558] | 在馆 | |
| 4 | 1206407 | 212064077 | 第三借阅区/ [索取号:TQ08-43/558] | 在馆 |